000 01131nam a2200337Ia 4500
003 OSt
005 20220912151547.0
006 a|||||r|||| 00| 0
007 ta
008 220909b |||||||| |||| 00| 0 eng d
020 _a1574449125 (hbd)
024 _a59830
037 _b010, 11/08/2006, Dhanraj Book House
037 _cTextbook
040 _aCSL
_beng
_cCSL
041 _aeng
082 _aY7:(L)k, P6 TY
100 _aGoran Michael I Ed.
245 0 _aHandbook of pediatric obesity: Etiology, pathophysiology, and prevention
260 _aBoca
_bRaton CRC Press
_c2006
300 _a362p.
_ccm.
500 _aIncludes bibliographical references.; Index 353-362p.
_ccm.
650 _a Obesity in adolescence-Handbook
650 _a Obesity in children-Prevention-Handbook
650 _a Obesity-Etiology-Handbook
650 _a Overweight children-Nutrition-Handbook
650 _aAnthropology
700 _a SREFn Melinda S Ed.
942 _hY7:(L)k, P6 TY
_cTB
_2CC
999 _c71389
_d71389